000 00598nam a22001817a 4500
003 CEME
005 20210628203011.0
008 210216b xxu||||| |||| 00| 0 eng d
020 _a81-7808-108-3
040 _c.
082 _a006.32 FRE
100 _aFreeman, James.A Skapura, David.M
_962799
245 _aNeural networks, algoritnms , applications, and programming techniques
260 _aINDIA
_bPEARSON EDUCATION ASIA
_c2002
300 _aXIII,399
650 _aNEURAL NETWORKS-PROGRAMMING TECHNIQUES; NEURAL NETWORKS-APPLICATIONS; NEURAL NETWORKS-ALGORITNMS
_962800
942 _cBK
_2ddc
999 _c571787
_d571787